Derivatives and Risk Management (Record no. 182849)

MARC details
000 -LEADER
fixed length control field 00647 a2200193 4500
005 - DATE AND TIME OF LATEST TRANSACTION
control field 20211208113011.0
010 ## - LCCN (DPL NO)
LC control number ENG-130230
020 ## - INTERNATIONAL STANDARD BOOK NUMBER
Terms of availability 709.00
International Standard Book Number 978-93-544-9470-3
035 ## - SYSTEM CONTROL NUMBER
System control number EN-113762
037 ## - SOURCE OF ACQUISITION
Source of stock number/acquisition DBAD / PUB
082 ## - DEWEY DECIMAL CLASSIFICATION NUMBER
Classification number 381.1068
100 ## - MAIN ENTRY--PERSONAL NAME
Personal name Janakiramanan, Sundaram
245 ## - TITLE STATEMENT
Title Derivatives and Risk Management
Statement of responsibility, etc Sundaram Janakiramanan
250 ## - EDITION STATEMENT
Edition statement 2022
260 ## - PUBLICATION, DISTRIBUTION, ETC. (IMPRINT)
Place of publication, distribution, etc Noida
Name of publisher, distributor, etc Pearson India Education Services Pvt Ltd.
Date of publication, distribution, etc 2022
270 ## - ADDRESS
City Uttar Pradesh
Postal code 201301
Address 15th Floor, Tower-B, World Trade Tower, Plot No. 1, Block-C, Sector 16
300 ## - PHYSICAL DESCRIPTION
Extent 497p.
Dimensions 24cm (pbk)
942 ## - ADDED ENTRY ELEMENTS (KOHA)
Institution code [OBSOLETE] dpl
Item type English Books
Source of classification or shelving scheme Dewey Decimal Classification
Classification part 381.1068
Call number suffix JAN
Holdings
Withdrawn status Lost status Not for loan Collection code Home library Current library Date acquired Source of acquisition Cost, normal purchase price Full call number Barcode Copy number Cost, replacement price Koha item type
      Non-fiction Shahdara Branch Shahdara Branch 08/12/2021 DBAD/PUB 709.00 381.1068 JAN EN-113762 1 709.00 English Books

© Delhi Public Library
Hit Counter
free hit counter